|
|
|
|
| LEADER |
00000nam2a2200000 4500 |
| 001 |
118401 |
| 005 |
20231031124119.0 |
| 035 |
|
|
|a (RuTPU)RU\TPU\book\128122
|
| 090 |
|
|
|a 118401
|
| 100 |
|
|
|a 20070609d2005 m y0chiy50 ea
|
| 101 |
0 |
|
|a chi
|
| 102 |
|
|
|a CN
|
| 105 |
|
|
|a y z 000zy
|
| 200 |
0 |
|
|a Ч. 3
|
| 210 |
|
|
|d 2005
|
| 215 |
|
|
|a 743 с.
|
| 461 |
|
1 |
|0 (RuTPU)RU\TPU\book\128461
|y 7-02-002557-9
|t История современной китайской беллетристики
|f Ян И
|v Ч. 3
|d 2005
|
| 610 |
1 |
|
|a литература
|
| 610 |
1 |
|
|a китайская литература
|
| 610 |
1 |
|
|a художественная литература
|
| 610 |
1 |
|
|a Китай
|
| 610 |
1 |
|
|a история
|
| 610 |
1 |
|
|a беллетристика
|
| 610 |
1 |
|
|a китайский язык
|
| 610 |
1 |
|
|a книги для чтения
|
| 801 |
|
1 |
|a RU
|b 63413507
|c 20070609
|g PSBO
|
| 801 |
|
2 |
|a RU
|b 63413507
|c 20070705
|g PSBO
|
| 942 |
|
|
|c BK
|